City by Image Quiz - Statistics

General Stats
  • This quiz has been taken 35 times
    13 since last reset
  • The average score is 10 of 16
Answer Stats
Picture Answer % Correct
London
100%
New York City
100%
Paris
100%
Sydney
100%
Moscow
83%
Dubai
75%
Rio de Janeiro
75%
Rome
75%
Tokyo
75%
Athens
50%
Shanghai
42%
Istanbul
33%
Singapore
33%
Toronto
25%
Sao Paulo
17%
Osaka
8%
No matching quizzes found
Score Distribution
Percent of People with Each Score
Percentile by Number Answered
Your Score History
You have not taken this quiz since the last reset